Prince-Electors of the Holy Roman Empire - Statistics

General Stats
  • This quiz has been taken 74 times
  • The average score is 8 of 9
Answer Stats
High Office Imperial Prince % Correct
Erzmundschenk Arch-Cupbearer König von {Böhmen} | KIng of {Bohemia}
92%
Erzkämmerer Arch-Chamberlain Markgraf von {Brandenburg} | Margrave of {Brandenburg}
92%
Erzmarschall Arch-Marshal Herzog von {Sachsen} | Duke of {Saxony}
90%
Reichserzkanzler für Deutschland Arch-Chancellor of Germany Erzbischof von {Mainz} | Archbishop of {Mainz}
89%
Erzschatzmeister Arch-Treasurer Herzog von {Bayern} | Duke of {Bavaria} since 1623/48
89%
Reichserzkanzler für Italien Arch-Chancellor of Italy Erzbischof von {Köln} | Archbishop of {Cologne}
87%
Reichserzkanzler für Burgund Arch-Chancellor of Burgundy Erzbischof von {Trier} | Archbishop of {Trier}
87%
Erzbannerträger Arch-Bannerbearer Herzog von {Braunschweig-Lüneburg} | Duke of {Brunswick-Lüneburg} since 1692
80%
Erztruchseß Arch-Steward Pfalzgraf bei {Rhein} | Count Palatine of the {Rhine} until 1777 not from 1623 to 1648
75%
No matching quizzes found
Score Distribution
Percent of People with Each Score
Percentile by Number Answered
Your Score History
You have not taken this quiz